LDR 00869nam a2200229 i 4500 001 000000139047 003 CaOOAMICUS 005 20061106000000.0 008 061106s1958 gw u000 u ger u 013 $a113051 040 $aSeMil$bita 100 1 $aGross, Victor.$0(OLS)http://semarc/name/56212 245 10$aMut Mensch Gott :$bUnsere Religiöse Krise /$cVictor Gross. 260 $aLüneburg :$bMetta Kinau,$cCopyr. 1958. 300 $a432 p. ;$c24 cm. 500 $aContiene : Quellen-Nachweis. 650 4$aUomo - Studi.$0(OLS)http://semarc/subject/1506 850 $aSeMil 852 $aSeMil$W1$xVenegono$y1$m2D IV 51$j92486$B92486$CSeMilBibl$Z2$F116985 $81 961 $aRecupero: Altro 996 $6245$aMut Mensch Gott :$bUnsere Religiöse Krise$9(OLS)http://semarc/title/203212 996 $6260$aLüneburg :$bMetta Kinau$9(OLS)http://semarc/publisher/47171